BIBLIOTECA PODER JUDICIAL
Portal Judicial TDF

La partición por ascendientes en el Código Civil y Comercial de la Nación a diez años de su vigencia / (Registro nro. 5677)

000 -LEADER
fixed length control field 01474nab a22002417a 4500
003 - CONTROL NUMBER IDENTIFIER
control field OSt
005 - DATE AND TIME OF LATEST TRANSACTION
control field 20251226230113.0
008 - FIXED-LENGTH DATA ELEMENTS--GENERAL INFORMATION
fixed length control field 190603e xxum|||| |||| 00| 0 spa d
040 ## - CATALOGING SOURCE
Transcribing agency PJ
100 ## - MAIN ENTRY--PERSONAL NAME
9 (RLIN) 5891
Personal name Pérez Hortal, María Eugenia
245 13 - TITLE STATEMENT
Title La partición por ascendientes en el Código Civil y Comercial de la Nación a diez años de su vigencia /
Statement of responsibility, etc María Eugenia Pérez Hortal.
260 ## - PUBLICATION, DISTRIBUTION, ETC. (IMPRINT)
Date of publication, distribution, etc Ciudad Autónoma de Buenos Aires :
Place of publication, distribution, etc Thomson Reuters La Ley,
Name of publisher, distributor, etc 2025.
300 ## - PHYSICAL DESCRIPTION
Extent p. 62-72
500 ## - GENERAL NOTE
General note Cita: TR LALEY AR/DOC/1761/2025 <br/>Publicado en: RCCyC 2025 (agosto).
505 ## - FORMATTED CONTENTS NOTE
Formatted contents note Sumario: I. Introducción.— II. La partición por donación como herramienta de planificación sucesoria.— III. Partición por ascendientes. Los cambios receptados por el Cód. Civ. y Com.— IV. Los sujetos de la relación jurídica.— V. El objeto del acto particionario.— VI. Mecanismos de protección a la igualdad entre coherederos y a la integralidad de la porción legítima en la partición por ascendientes.— VII. Reflexiones finales.
505 ## - FORMATTED CONTENTS NOTE
Title ¿Te interesa el texto completo? Solicitalo al correo: koha@justierradelfuego.gov.ar
650 #0 - SUBJECT ADDED ENTRY--TOPICAL TERM
9 (RLIN) 1497
Topical term or geographic name as entry element CODIGO CIVIL Y COMERCIAL
650 #0 - SUBJECT ADDED ENTRY--TOPICAL TERM
9 (RLIN) 888
Topical term or geographic name as entry element SUCESIONES
650 #0 - SUBJECT ADDED ENTRY--TOPICAL TERM
9 (RLIN) 1084
Topical term or geographic name as entry element HEREDEROS
650 #0 - SUBJECT ADDED ENTRY--TOPICAL TERM
9 (RLIN) 4553
Topical term or geographic name as entry element PARTICION DE LA HERENCIA
773 0# - HOST ITEM ENTRY
Host Biblionumber 2713
Host Itemnumber 3170
Place, publisher, and date of publication Ciudad Autónoma de Buenos Aires : Thomson Reuters La Ley, 2015-
Title Revista Código Civil y Comercial. Nº 4 - Agosto 2025
942 ## - ADDED ENTRY ELEMENTS (KOHA)
Source of classification or shelving scheme
Koha item type Analítica Artículo de Revista

No hay ítems disponibles.

12 de Octubre 789 Ushuaia - Tel:  54(02901)441571
Horario de Atención: 8.00 a 17.00 hs. 
bibliotecaush@justierradelfuego.gov.ar
koha@justierradelfuego.gov.ar
Seguinos en nuestras redes @bibliojustdf 

Con tecnología Koha